000 00588nam a2200181Ia 4500
005 20250423100842.0
008 250422s9999 xx 000 0 und d
020 _a0787908576
050 _aHD 58 .D7S7/
100 _aStowell, Daniel M.
245 0 _aSales, marketing, and continuous improvement : six best practices to achieverenue growth and increase customer loyalty
260 _aSan Francisco
260 _bJossey-Bass
260 _c1997
300 _a286 p
650 _aCORPORATE CULTURE CUSTOMER RELATIONS MARKETING ORGANIZATIONAL CHANGE SELLING WORK GROUPS
942 _cBK
999 _c34535
_d34535